O Canada - Bilingual/Bilingue - Statistiques

Statistiques générales
  • Ce quiz a été pris 3 fois
  • Le résultat moyen est 39 sur 56
Statistiques - réponses
Réponse % Correct
Canada
100%
Canada
100%
Canada
100%
de
100%
de
100%
nos
100%
O
100%
O
100%
O
100%
Terre
100%
aïeux
67%
and
67%
bras
67%
Car
67%
croix
67%
des
67%
épopée
67%
est
67%
est
67%
for
67%
for
67%
free
67%
front
67%
glorious
67%
God
67%
guard
67%
guard
67%
histoire
67%
il
67%
keep
67%
la
67%
land
67%
l'épée
67%
on
67%
on
67%
our
67%
plus
67%
porter
67%
porter
67%
sait
67%
sait
67%
stand
67%
stand
67%
thee
67%
thee
67%
Ton
67%
ton
67%
Ton
67%
une
67%
we
67%
we
67%
brillants
33%
ceint
33%
exploits
33%
fleurons
33%
glorieux
33%
Aucun quiz correspondant
Distribution des résultats
% des personnes avec chaque résultat
Percentile par nombre de réponses
Votre historique - résultats
Vous n’avez pas pris ce quiz